000 01423nam a2200361 a 4500
001 10705
003 CUTN
005 20130523125246.0
006 m d
007 cr cnu---unuuu
008 080815s2008 gw sb 001 0 eng d
020 _a9783540775324
020 _a9783540775331 (electronic bk.)
020 _a3540775331 (electronic bk.)
035 _a(OCoLC)243864827
040 _aN$T
_cN$T
050 1 4 _aQA9.54
_b.K64 2008eb
090 _aQA9.54
_bKoh 2008
100 1 _aKohlenbach, U.
_zKOH
245 1 0 _aApplied proof theory
_h[electronic resource] :
_bproof interpretations and their use in mathematics /
_cU. Kohlenbach.
260 _aBerlin :
_bSpringer,
_cc2008.
300 _axix, 532 p.
440 0 _aSpringer monographs in mathematics,
_x1439-7382.
504 _aIncludes bibliographical references and index.
506 _aOnline version restricted to NUS staff and students only through NUSNET.
538 _aMode of access: World Wide Web.
538 _aSystem requirements: Internet connectivity; World Wide Web browser.
650 0 _aProof theory.
650 0 _aAutomatic theorem proving.
776 1 _cOriginal
_z3540775323
_z9783540775324
_w(OCoLC)213479420.
942 _2ddc
_cBOOKS
956 4 0 _uhttps://libproxy1.nus.edu.sg/login?url=http://www.springerlink.com/openurl.asp?genre=book&isbn=978-3-540-77532-4
_zView the electronic version (full-text) via springerLink
999 _c3015
_d3015